000 00317 a2200157 4500
001 194927
020 _a
040 _cMagnum
100 _aAzevedo, Álvares de
240 1 0 _aNoite na taverna
_lpor
245 1 0 _aNoite na taverna
300 _a39
362 0 _a1988
697 _aLITERATURA GERAL
942 _cBK
999 _c194927
_d194927